[Event "CAN-op"]
[Site "Edmonton CAN"]
[Date "2000.07.09"]
[Round "2"]
[White "Schmitz, Manuela"]
[Black "Miller, Brian"]
[Result "1-0"]
[WhiteElo "2121"]
[BlackElo "1854"]
[PlyCount "95"]
[GameId "2160767911678031"]
[EventDate "2000.07.08"]
[EventType "swiss"]
[EventRounds "10"]
[EventCountry "CAN"]

1. d4 d5 2. c4 e6 3. Nc3 Nf6 4. Bg5 Nbd7 5. e3 Be7 6. Nf3 h6 7. Bh4 c5 8. cxd5 Nxd5 9. Bxe7 Nxe7 10. Bd3 b6 11. Ne4 O-O 12. dxc5 Nxc5 13. Nxc5 bxc5 14. O-O Bb7 15. Qe2 Rc8 16. Rfd1 Qa5 17. Ne5 Nd5 18. Nc4 Qc7 19. Rac1 Nb6 20. Nd6 Rb8 21. Nxb7 Rxb7 22. Qc2 c4 23. b3 Rc8 24. bxc4 Qc5 25. Rb1 Rbc7 26. Qe2 Nxc4 27. Rbc1 Qb4 28. Qg4 a5 29. Qe4 g6 30. Qf4 Kg7 31. h4 Qd6 32. Qxd6 Nxd6 33. Rxc7 Rxc7 34. Bxg6 fxg6 35. Rxd6 Rc2 36. a4 Ra2 37. Rd4 Kf6 38. g3 Rb2 39. Kg2 h5 40. Kf3 Rb4 41. Rxb4 axb4 42. Ke4 b3 43. Kd3 b2 44. Kc2 Ke5 45. Kxb2 Kd5 46. Kc3 e5 47. a5 Kc5 48. Kd3 1-0

[Event "CAN-op"]
[Site "Edmonton CAN"]
[Date "2000.07.09"]
[Round "2"]
[White "Sekuloff, Mike"]
[Black "Ward, Hilton"]
[Result "1-0"]
[WhiteElo "1725"]
[BlackElo "1369"]
[PlyCount "81"]
[GameId "2160767911678032"]
[EventDate "2000.07.08"]
[EventType "swiss"]
[EventRounds "10"]
[EventCountry "CAN"]

1. c4 e5 2. e4 Nf6 3. Nc3 Bc5 4. Nf3 d6 5. d4 Bxd4 6. Nxd4 exd4 7. Qxd4 Nc6 8. Qd1 O-O 9. Bg5 h6 10. Bh4 g5 11. Bg3 Re8 12. Bd3 Bd7 13. O-O Qe7 14. Re1 Rad8 15. f3 Qf8 16. Nd5 Nxd5 17. cxd5 Ne5 18. Bxe5 dxe5 19. Rc1 Qd6 20. Qb3 b6 21. Bb5 Re7 22. Bxd7 Rexd7 23. Rc6 Qe7 24. Rec1 f6 25. Re6 Qf7 26. Rcc6 Rd6 27. Qc4 Rxc6 28. Qxc6 Rf8 29. g4 Kg7 30. b4 h5 31. a4 hxg4 32. fxg4 Qg6 33. Qxc7+ Rf7 34. Re7 Rxe7 35. Qxe7+ Qf7 36. Qxf7+ Kxf7 37. Kf2 Ke7 38. Kg3 Kd6 39. h4 Ke7 40. h5 a6 41. h6 1-0

[Event "CAN-op"]
[Site "Edmonton CAN"]
[Date "2000.07.09"]
[Round "2"]
[White "Smith, Maurice"]
[Black "Clemens, John"]
[Result "0-1"]
[WhiteElo "1836"]
[BlackElo "1564"]
[PlyCount "138"]
[GameId "2160767911678033"]
[EventDate "2000.07.08"]
[EventType "swiss"]
[EventRounds "10"]
[EventCountry "CAN"]

1. d4 d5 2. c4 e6 3. Nc3 Nf6 4. Bg5 Be7 5. Nf3 Nbd7 6. e3 O-O 7. Bd3 h6 8. Bh4 c6 9. O-O dxc4 10. Bxc4 b5 11. Bd3 Bb7 12. Rc1 Qb6 13. Ne5 g5 14. Nxd7 Nxd7 15. Bg3 Nf6 16. Ne4 Nxe4 17. Bxe4 f5 18. Bb1 c5 19. Be5 Qc6 20. f3 Rac8 21. Qe2 Qd7 22. Rfd1 c4 23. h3 Bd6 24. Bxd6 Qxd6 25. Qe1 h5 26. Qe2 Qg3 27. Qf2 Qxf2+ 28. Kxf2 Rf7 29. Rd2 g4 30. hxg4 hxg4 31. fxg4 fxg4+ 32. Kg3 Rg7 33. Rf2 Rf8 34. Rxf8+ Kxf8 35. Rf1+ Rf7 36. Rxf7+ Kxf7 37. Kxg4 Bxg2 38. a3 a5 39. Kf4 b4 40. axb4 axb4 41. e4 b3 42. Ke3 Ke7 43. Kf2 Bh1 44. Kg1 Bf3 45. Kf2 Bd1 46. Ke1 Bg4 47. Kd2 Kd6 48. Kc3 Be2 49. Kd2 Bf1 50. Ke1 Bg2 51. Kf2 Bh1 52. Kg1 Bf3 53. Kf2 Bd1 54. Ke1 Bg4 55. Kd2 e5 56. Kc3 Be2 57. Kd2 Bf1 58. Kc3 Ke6 59. d5+ Kd6 60. Kb4 Be2 61. Kc3 Kc5 62. Kd2 Bf3 63. Kc3 Bg2 64. Kd2 Kd4 65. Ke2 Bh3 66. Kd2 Bg4 67. Ke1 Ke3 68. Kf1 Kd2 69. Kf2 Bd7 0-1

[Event "CAN-op"]
[Site "Edmonton CAN"]
[Date "2000.07.09"]
[Round "2"]
[White "Spraggett, Kevin"]
[Black "Porubszki, Georg"]
[Result "1-0"]
[WhiteElo "2501"]
[BlackElo "2002"]
[PlyCount "55"]
[GameId "2160767911678034"]
[EventDate "2000.07.08"]
[EventType "swiss"]
[EventRounds "10"]
[EventCountry "CAN"]
[SourceTitle "EXT 2001"]
[Source "ChessBase"]
[SourceDate "2000.11.22"]
[SourceVersion "1"]
[SourceVersionDate "2000.11.22"]
[SourceQuality "1"]

1. d4 Nf6 2. c4 d6 3. Nc3 c6 4. e4 Qa5 5. Bd3 e5 6. Nge2 Be7 7. O-O O-O 8. d5 Nbd7 9. Rb1 c5 10. Ng3 Re8 11. Nf5 Bf8 12. g4 g6 13. Nh6+ Bxh6 14. Bxh6 Kh8 15. Qf3 Qd8 16. Bg5 a6 17. Qh3 Qc7 18. f4 Ng8 19. f5 gxf5 20. gxf5 f6 21. Be3 Nf8 22. Kh1 Re7 23. Rg1 Rg7 24. Be2 Qe7 25. Rxg7 Qxg7 26. Rg1 Qc7 27. Qg3 Qf7 28. Bh5 1-0

[Event "CAN-op"]
[Site "Edmonton CAN"]
[Date "2000.07.09"]
[Round "2"]
[White "Stanford, Mike"]
[Black "Boron, Anthony"]
[Result "0-1"]
[WhiteElo "2124"]
[BlackElo "1862"]
[PlyCount "88"]
[GameId "2160767911678035"]
[EventDate "2000.07.08"]
[EventType "swiss"]
[EventRounds "10"]
[EventCountry "CAN"]

1. e4 c5 2. Nf3 Nc6 3. d4 cxd4 4. Nxd4 e6 5. Nxc6 bxc6 6. Bd3 Nf6 7. O-O Qc7 8. c4 d5 9. cxd5 cxd5 10. exd5 Nxd5 11. Re1 Be7 12. Na3 O-O 13. Nc4 Ba6 14. Ne5 Bxd3 15. Nxd3 Rfd8 16. Qe2 Rac8 17. Bd2 Qb7 18. Ba5 Rd7 19. Rac1 Rxc1 20. Rxc1 Qa6 21. Qe1 Qxd3 22. Rc8+ Bf8 23. g3 Nb6 24. Bxb6 axb6 25. Qe5 Qd1+ 26. Kg2 Qd5+ 27. Qxd5 Rxd5 28. Rb8 Rb5 29. b3 g6 30. Kf3 Kg7 31. Ke2 Bc5 32. f3 Rb4 33. Kd3 Rd4+ 34. Kc3 Rd1 35. b4 Bg1 36. a4 g5 37. Kc4 Rd5 38. g4 Re5 39. h3 Kf6 40. Rb7 h6 41. Rb8 Bf2 42. Rb7 Rd5 43. Rb8 Rd4+ 44. Kb5 Be1 0-1

[Event "CAN-op"]
[Site "Edmonton CAN"]
[Date "2000.07.09"]
[Round "2"]
[White "Stone, Gerald"]
[Black "Yamach, Ahmet"]
[Result "0-1"]
[WhiteElo "1501"]
[BlackElo "1771"]
[PlyCount "52"]
[GameId "2160767911678036"]
[EventDate "2000.07.08"]
[EventType "swiss"]
[EventRounds "10"]
[EventCountry "CAN"]

1. d4 d5 2. c4 e6 3. Bf4 Nf6 4. e3 Be7 5. Nc3 O-O 6. c5 Nc6 7. a3 a5 8. Nf3 Bd7 9. Bb5 b6 10. Ne5 Nxe5 11. Bxe5 c6 12. Bd3 bxc5 13. dxc5 Bxc5 14. Na4 Ba7 15. O-O c5 16. Bd6 Bxa4 17. Qxa4 Qxd6 18. Qxa5 c4 19. Bc2 Bxe3 20. Qc3 Bf4 21. g3 Be5 22. Qd2 Bxb2 23. Bxh7+ Nxh7 24. Qxb2 Rfb8 25. Qc1 Rb3 26. a4 Ra5 0-1

[Event "CAN-op"]
[Site "Edmonton CAN"]
[Date "2000.07.09"]
[Round "2"]
[White "Sullivan, Brian"]
[Black "Lacroix, Peter"]
[Result "1-0"]
[WhiteElo "1746"]
[BlackElo "1423"]
[PlyCount "45"]
[GameId "2160767911678037"]
[EventDate "2000.07.08"]
[EventType "swiss"]
[EventRounds "10"]
[EventCountry "CAN"]

1. e4 e5 2. Nf3 Nc6 3. d4 exd4 4. Nxd4 Nf6 5. Nc3 Bb4 6. Nxc6 Bxc3+ 7. bxc3 bxc6 8. Bd3 O-O 9. O-O d5 10. e5 Nd7 11. f4 Nc5 12. Ba3 Nxd3 13. Bxf8 Nxf4 14. Rxf4 Qxf8 15. a4 Rb8 16. Qd4 Rb2 17. Qxa7 Rxc2 18. Rb1 Rxc3 19. Rb8 g5 20. Rf1 Kg7 21. e6 f6 22. Qxc7+ Kh6 23. e7 1-0

[Event "CAN-op"]
[Site "Edmonton CAN"]
[Date "2000.07.09"]
[Round "2"]
[White "Sutton, Jack"]
[Black "Nystrom, Kurtis"]
[Result "0-1"]
[WhiteElo "1331"]
[BlackElo "1675"]
[PlyCount "56"]
[GameId "2160767911678038"]
[EventDate "2000.07.08"]
[EventType "swiss"]
[EventRounds "10"]
[EventCountry "CAN"]

1. e4 e5 2. Nf3 Nc6 3. Bb5 f5 4. Bxc6 bxc6 5. Nc3 fxe4 6. Nxe5 Nf6 7. d3 Bd6 8. Bf4 O-O 9. Qe2 Qe8 10. O-O-O Bxe5 11. Bxe5 Qxe5 12. Nxe4 Nxe4 13. Qxe4 Qxe4 14. dxe4 Rxf2 15. Rdg1 Ba6 16. b3 Raf8 17. Kb2 Bf1 18. e5 Bxg2 19. Re1 Bxh1 20. e6 dxe6 21. Rxe6 Rxh2 22. Re7 Rff2 23. Rxc7 Rxc2+ 24. Ka3 Rxa2+ 25. Kb4 Rhc2 26. Rc8+ Kf7 27. Rc7+ Ke6 28. Rxg7 a5# 0-1

[Event "CAN-op"]
[Site "Edmonton CAN"]
[Date "2000.07.09"]
[Round "2"]
[White "Taylor, Ian"]
[Black "Xia, Yanchong"]
[Result "0-1"]
[WhiteElo "1304"]
[BlackElo "1731"]
[PlyCount "27"]
[GameId "2160767911678039"]
[EventDate "2000.07.08"]
[EventType "swiss"]
[EventRounds "10"]
[EventCountry "CAN"]

1. e4 c5 2. Nf3 Nc6 3. Nc3 d6 4. d4 cxd4 5. Nxd4 Nf6 6. Bb5 Bd7 7. O-O g6 8. f4 Qc7 9. Re1 e6 10. Nf3 Bg7 11. f5 O-O 12. Bg5 Ng4 13. Bxc6 Qb6+ 14. Kh1 0-1

[Event "CAN-op"]
[Site "Edmonton CAN"]
[Date "2000.07.09"]
[Round "2"]
[White "Thompson, Brent"]
[Black "Labik, Peter"]
[Result "1-0"]
[WhiteElo "1381"]
[BlackElo "1717"]
[PlyCount "56"]
[GameId "2160767911678041"]
[EventDate "2000.07.08"]
[EventType "swiss"]
[EventRounds "10"]
[EventCountry "CAN"]

1. e4 e5 2. Nf3 Nc6 3. Bc4 Nf6 4. d3 h6 5. Nc3 Bc5 6. O-O O-O 7. Re1 d6 8. Nd5 Bg4 9. Be3 Nd4 10. Bxd4 Bxd4 11. c3 Bb6 12. Nxb6 axb6 13. d4 Re8 14. dxe5 dxe5 15. Qxd8 Raxd8 16. Kf1 Re6 17. h3 Bh5 18. Ng1 Rd2 19. b3 Rc2 20. Re3 Rd6 21. f3 Rdd2 22. Re2 Bg6 23. Ke1 Rxe2+ 24. Nxe2 Nxe4 25. Bd3 Rxe2+ 26. Kxe2 Nxc3+ 27. Kd2 Bxd3 28. Kxd3 Nd5 1-0

[Event "CAN-op"]
[Site "Edmonton CAN"]
[Date "2000.07.09"]
[Round "2"]
[White "Tootoosis, Harold"]
[Black "Kaptsan, Aron"]
[Result "0-1"]
[WhiteElo "1801"]
[BlackElo "2073"]
[PlyCount "104"]
[GameId "2160767911678042"]
[EventDate "2000.07.08"]
[EventType "swiss"]
[EventRounds "10"]
[EventCountry "CAN"]

1. e4 c5 2. Nf3 d6 3. d4 cxd4 4. Nxd4 Nf6 5. Nc3 g6 6. Bc4 Bg7 7. f3 a6 8. Bb3 b5 9. Be3 Bb7 10. Qd2 h5 11. O-O-O Nbd7 12. h3 Nb6 13. Qe2 Qc7 14. Kb1 Nc4 15. Ndxb5 axb5 16. Nxb5 Qa5 17. Qxc4 O-O 18. Bd4 Ba6 19. a4 Rab8 20. Qc3 Qd8 21. e5 Rc8 22. Qe3 dxe5 23. Bxe5 Qe8 24. Nc7 Qc6 25. Nxa6 Qxa6 26. Qd3 Qa5 27. Bxf6 Bxf6 28. Qxg6+ Bg7 29. Rd5 Rc5 30. Qxh5 Rxd5 31. Qxd5 Qb6 32. Rd1 Qf6 33. c3 Qg6+ 34. Qd3 Qxg2 35. f4 Rb8 36. Qd5 Qxd5 37. Bxd5 Bxc3 38. b3 e6 39. Bc4 Kg7 40. Kc2 Bb4 41. Rd7 Kf6 42. f5 exf5 43. Rxf7+ Ke5 44. Kd3 Rh8 45. Rb7 Rxh3+ 46. Ke2 Bc3 47. a5 Ke4 48. a6 Rh2+ 49. Kf1 f4 50. Rd7 f3 51. a7 Rh1+ 52. Kf2 Be1# 0-1

[Event "CAN-op"]
[Site "Edmonton CAN"]
[Date "2000.07.09"]
[Round "2"]
[White "Tsui, Alick"]
[Black "Strub, Michael"]
[Result "0-1"]
[WhiteElo "1106"]
[BlackElo "1579"]
[PlyCount "100"]
[GameId "2160767911678043"]
[EventDate "2000.07.08"]
[EventType "swiss"]
[EventRounds "10"]
[EventCountry "CAN"]

1. e4 e5 2. Nf3 Nf6 3. Nc3 Nc6 4. Bb5 a6 5. Ba4 d6 6. O-O Be7 7. d3 O-O 8. Bg5 Bg4 9. Bxc6 bxc6 10. Qe2 h6 11. Bd2 Nh7 12. h3 Bh5 13. g4 Bg6 14. Nh2 Ng5 15. Qe3 Ne6 16. Ne2 Bg5 17. f4 Nxf4 18. Rad1 Rb8 19. b3 Nd5 20. Qf3 Bxd2 21. exd5 Qg5 22. dxc6 Rb6 23. Ng3 Qe3+ 24. Kh1 Qxf3+ 25. Nxf3 Bb4 26. Nh4 Rxc6 27. Nxg6 fxg6 28. Rxf8+ Kxf8 29. Rf1+ Ke7 30. Rf2 Be1 31. Rg2 Bxg3 32. Rxg3 Rxc2 33. Rg2 Rxg2 34. Kxg2 Ke6 35. Kf3 Kd5 36. Ke3 g5 37. a3 c5 38. a4 a5 39. Kd2 e4 40. Ke3 exd3 41. Kxd3 g6 42. Kc3 Kc6 43. Kd3 d5 44. Kc3 Kd6 45. Kd3 Ke6 46. Kc3 Ke5 47. Kd3 Kf4 48. b4 cxb4 49. Kd4 Kg3 50. Kc5 b3 0-1

[Event "CAN-op"]
[Site "Edmonton CAN"]
[Date "2000.07.09"]
[Round "2"]
[White "Tuason, Alfred"]
[Black "Klokow, John"]
[Result "1/2-1/2"]
[WhiteElo "1558"]
[BlackElo "1783"]
[PlyCount "92"]
[GameId "2160767911678044"]
[EventDate "2000.07.08"]
[EventType "swiss"]
[EventRounds "10"]
[EventCountry "CAN"]

1. b3 e5 2. Bb2 Nc6 3. Nc3 Nf6 4. e4 Bc5 5. h3 O-O 6. Nf3 d6 7. Be2 Be6 8. O-O h6 9. Na4 Nxe4 10. Nxc5 Nxc5 11. d4 exd4 12. Nxd4 Nxd4 13. Qxd4 f6 14. b4 Na4 15. Bc1 Qd7 16. Qh4 Bf5 17. Qc4+ Kh8 18. Bd3 Bxd3 19. Qxd3 Rae8 20. Be3 Re6 21. Qb3 Rfe8 22. Rad1 Nb6 23. Bxb6 axb6 24. Qc3 Qc6 25. Qxc6 bxc6 26. Rd2 Re2 27. Rfd1 Rxd2 28. Rxd2 Re1+ 29. Kh2 Kg8 30. Kg3 Kf7 31. Kf3 Ke6 32. Re2+ Rxe2 33. Kxe2 Kd5 34. Kd3 c5 35. c4+ Ke5 36. bxc5 dxc5 37. Ke3 g5 38. a4 f5 39. g3 f4+ 40. Kd3 h5 41. g4 hxg4 42. hxg4 Kd6 43. Ke4 Ke6 44. f3 c6 45. Kd3 Ke5 46. Kc3 Kd6 1/2-1/2

[Event "CAN-op"]
[Site "Edmonton CAN"]
[Date "2000.07.09"]
[Round "2"]
[White "Venning, Ron"]
[Black "Gemmell, Ian"]
[Result "0-1"]
[WhiteElo "1713"]
[BlackElo "1344"]
[PlyCount "98"]
[GameId "2160767911678045"]
[EventDate "2000.07.08"]
[EventType "swiss"]
[EventRounds "10"]
[EventCountry "CAN"]

1. e4 e5 2. f4 Nc6 3. Nf3 f5 4. d3 Bc5 5. Nc3 d6 6. fxe5 dxe5 7. exf5 Bxf5 8. Qe2 Nge7 9. Nxe5 Nxe5 10. Qxe5 Bd4 11. Qb5+ c6 12. Qb3 Bxc3+ 13. Qxc3 O-O 14. Bg5 Qe8 15. O-O-O Nd5 16. Qd2 Qg6 17. g3 Rae8 18. Bg2 Qf7 19. Rhf1 h6 20. Bf4 Nxf4 21. Qxf4 Qxa2 22. Qc4+ Qxc4 23. dxc4 Bg4 24. Rde1 Rxf1 25. Rxf1 Be2 26. Re1 Kf8 27. b3 Re7 28. Kd2 Bh5 29. Rxe7 Kxe7 30. Ke3 Kd6 31. b4 Ke5 32. b5 Be8 33. Kd3 Bg6+ 34. Kc3 Be4 35. Bh3 c5 36. Bf1 g5 37. Kd2 h5 38. c3 h4 39. gxh4 gxh4 40. Bh3 Kf4 41. Ke2 a5 42. bxa6 bxa6 43. Kf2 Bc6 44. Bc8 a5 45. Ba6 a4 46. Bb5 a3 47. Bxc6 a2 48. Ke2 a1=Q 49. Kd3 Qd1# 0-1

[Event "CAN-op"]
[Site "Edmonton CAN"]
[Date "2000.07.09"]
[Round "2"]
[White "Weis, Rod"]
[Black "Ottosen, David"]
[Result "1/2-1/2"]
[WhiteElo "1858"]
[BlackElo "2111"]
[PlyCount "136"]
[GameId "2160767911678047"]
[EventDate "2000.07.08"]
[EventType "swiss"]
[EventRounds "10"]
[EventCountry "CAN"]

1. d4 d5 2. c4 c6 3. cxd5 cxd5 4. Bf4 Nc6 5. e3 Nf6 6. Nc3 Bf5 7. Bb5 Qb6 8. Nge2 e6 9. O-O Be7 10. a3 O-O 11. Bxc6 Qxc6 12. Rc1 Rac8 13. Qd2 b6 14. f3 Nh5 15. Bg3 Nxg3 16. hxg3 Qb7 17. g4 Bg6 18. g3 Qa6 19. Nf4 Bd6 20. Nxg6 hxg6 21. Qh2 f6 22. f4 Qd3 23. Qc2 Qxc2 24. Rxc2 Rc4 25. Rfc1 Rfc8 26. Kf2 e5 27. fxe5 fxe5 28. dxe5 Bxe5 29. Ke2 Bxg3 30. Kd3 Rxg4 31. Nxd5 Rd8 32. Rc8 Rxc8 33. Rxc8+ Kf7 34. Ra8 Ke6 35. Nc3 a5 36. Ra7 Be5 37. Rb7 Bf6 38. Rxb6+ Kd7 39. Ra6 Rg5 40. b4 axb4 41. axb4 Be7 42. b5 Bb4 43. Ra7+ Kd8 44. Rxg7 Bxc3 45. Kxc3 Rxb5 46. Rxg6 Ke7 47. e4 Rb1 48. Kd4 Rb4+ 49. Ke5 Rb5+ 50. Kf4 Rb1 51. Rg3 Ke6 52. Rg6+ Ke7 53. Ra6 Rc1 54. Kf5 Rf1+ 55. Ke5 Rh1 56. Ra7+ Ke8 57. Kd5 Rb1 58. e5 Rb2 59. Rc7 Ra2 60. Kd6 Ra6+ 61. Kd5 Ra2 62. Ke6 Ra6+ 63. Kf5 Rh6 64. Rg7 Rh1 65. Rg4 Ke7 66. Rf4 Rg1 67. e6 Re1 68. Rb4 Rf1+ 1/2-1/2

[Event "CAN-op"]
[Site "Edmonton CAN"]
[Date "2000.07.09"]
[Round "2"]
[White "Xu, Sheng Jun"]
[Black "Arseneau, Peter"]
[Result "1-0"]
[WhiteElo "2100"]
[BlackElo "1896"]
[PlyCount "109"]
[GameId "2160767911678048"]
[EventDate "2000.07.08"]
[EventType "swiss"]
[EventRounds "10"]
[EventCountry "CAN"]

1. e4 e6 2. d4 d5 3. e5 c5 4. c3 Nc6 5. Be3 Qb6 6. Qd2 cxd4 7. cxd4 f6 8. Nf3 Bd7 9. Nc3 Rc8 10. exf6 Nxf6 11. Ne5 Bd6 12. f4 O-O 13. Be2 Be8 14. O-O Nd7 15. Bg4 Nd8 16. Nxd5 Qb5 17. Nc3 Qa6 18. Be2 Qa5 19. Nc4 Rxc4 20. Bxc4 Nb6 21. Bd3 Bc6 22. a3 Nd5 23. b4 Qc7 24. Nxd5 Bxd5 25. Rac1 Qb8 26. Qc2 Nf7 27. Bxh7+ Kh8 28. Be4 Nh6 29. Bxd5 exd5 30. g3 Qe8 31. Rce1 Nf5 32. Bf2 Qd7 33. Qe2 Be7 34. Qe6 Rd8 35. Qxd7 Rxd7 36. g4 Nd6 37. Re3 g6 38. Rfe1 Bf6 39. g5 Bd8 40. Re6 Kg7 41. Kg2 Kf7 42. h4 Ne4 43. R6xe4 dxe4 44. Rxe4 Rc7 45. d5 Rc3 46. a4 a6 47. Be3 Rd3 48. Kf3 Rxd5 49. Rd4 Ke6 50. Rxd5 Kxd5 51. f5 gxf5 52. h5 Bc7 53. g6 Ke6 54. Bd4 Bd6 55. h6 1-0

[Event "CAN-op"]
[Site "Edmonton CAN"]
[Date "2000.07.09"]
[Round "2"]
[White "Zubac, Marius"]
[Black "Brodie, Hugh"]
[Result "1-0"]
[WhiteElo "2308"]
[BlackElo "1968"]
[PlyCount "63"]
[GameId "2160767911678050"]
[EventDate "2000.07.08"]
[EventType "swiss"]
[EventRounds "10"]
[EventCountry "CAN"]

1. d4 e6 2. c4 f5 3. g4 fxg4 4. h3 g3 5. fxg3 Nf6 6. Bg2 d5 7. Nf3 c6 8. O-O Bd6 9. Nc3 O-O 10. Qd3 Nbd7 11. Ng5 Qe7 12. e4 dxe4 13. Ncxe4 e5 14. Nxd6 Qxd6 15. Qb3 Kh8 16. c5 Qe7 17. Bd2 h6 18. Ne6 Rg8 19. Rae1 exd4 20. Nf4 Qxc5 21. Ng6+ Kh7 22. Qd3 Rd8 23. Rf5 Qb6 24. Ne7 Kh8 25. Ba5 Qxb2 26. Bxd8 Qb4 27. Ng6+ Kh7 28. Rff1 Nc5 29. Nf8+ Kg8 30. Qg6 Ncd7 31. Re8 Nxf8 32. Bxf6 1-0

[Event "CAN-op"]
[Site "Edmonton CAN"]
[Date "2000.07.09"]
[Round "3"]
[White "Arseneau, Peter"]
[Black "Malito, Skylar"]
[Result "0-1"]
[WhiteElo "1896"]
[BlackElo "1505"]
[PlyCount "142"]
[GameId "2160767911678051"]
[EventDate "2000.07.08"]
[EventType "swiss"]
[EventRounds "10"]
[EventCountry "CAN"]

1. e4 c5 2. Nf3 d6 3. d4 cxd4 4. Nxd4 Nc6 5. c4 g6 6. Be3 Nf6 7. Nc3 Bg7 8. Be2 O-O 9. O-O a6 10. Rb1 e6 11. b4 Bd7 12. Nc2 Qc7 13. Qd2 Rfd8 14. f4 Rac8 15. Rfd1 Be8 16. Bf3 Ne7 17. Na3 b5 18. Qf2 Rb8 19. e5 dxe5 20. Rxd8 Qxd8 21. fxe5 Nd7 22. Ba7 Bxe5 23. Bxb8 Qxb8 24. Ne2 Nf5 25. cxb5 axb5 26. Rd1 Bc7 27. Kh1 Bb6 28. Qe1 Ne5 29. Ng3 Nxf3 30. gxf3 Bc6 31. Ne4 Qf4 32. Qe2 Nd4 33. Rxd4 Bxd4 34. Nc2 Bb6 35. Ne1 Qc1 36. Nf6+ Kg7 37. Ne4 f5 38. Nd2 Qc3 39. Nd3 Qa1+ 40. Kg2 Qg1+ 41. Kh3 Qe3 42. Qxe3 Bxe3 43. Ne5 Bd5 44. Nb3 Kf6 45. Nd7+ Kg5 46. Kg3 h5 47. h4+ Kh6 48. f4 Kg7 49. Ne5 Be4 50. Nc5 Bd5 51. a3 Bd4 52. Ncd3 Be4 53. Nc5 Bd5 54. Ncd3 Kf6 55. Nc5 Ke7 56. Ncd3 Be4 57. Nxg6+ Kd6 58. Nge5 Kd5 59. Kh3 Bxd3 60. Nxd3 Kc4 61. Nc1 Bb2 62. Ne2 Kb3 63. Ng3 Kxa3 64. Nxh5 Kxb4 65. Ng3 Kc3 66. h5 b4 67. h6 b3 68. Nh5 Kd3 69. Ng7 Bc3 70. Nxe6 b2 71. Nc5+ Kc2 0-1

[Event "CAN-op"]
[Site "Edmonton CAN"]
[Date "2000.07.09"]
[Round "3"]
[White "Bestvater, Eric"]
[Black "Tootoosis, Harold"]
[Result "0-1"]
[WhiteElo "1699"]
[BlackElo "1801"]
[PlyCount "96"]
[GameId "2160767911678054"]
[EventDate "2000.07.08"]
[EventType "swiss"]
[EventRounds "10"]
[EventCountry "CAN"]

1. e4 c5 2. Nf3 d6 3. c3 Nc6 4. d4 cxd4 5. cxd4 e6 6. Nc3 a6 7. Be3 Nf6 8. Be2 Be7 9. O-O O-O 10. h3 b5 11. a3 Bb7 12. Rc1 Rc8 13. Qd2 Na5 14. Qc2 Bxe4 15. Qd1 d5 16. Nd2 Bg6 17. h4 h6 18. b4 Nc4 19. Nxc4 dxc4 20. Bf3 Nd5 21. g3 Nxe3 22. fxe3 Qc7 23. Kg2 Bd3 24. Be2 Bxe2 25. Qxe2 Rcd8 26. Rf2 Bd6 27. Qf3 f5 28. Re1 e5 29. Nd5 Qf7 30. Ref1 exd4 31. exd4 Bxg3 32. Qxg3 Qxd5+ 33. Kh2 Qxd4 34. Rg1 Qd6 35. Rf4 Rf7 36. Kh3 Qf6 37. Rgf1 Rd3 38. R1f3 Rxf3 39. Rxf3 f4 40. Qg4 Qf5 41. h5 Qxg4+ 42. Kxg4 Rf6 43. Rxf4 Rxf4+ 44. Kxf4 Kf7 45. Ke3 g6 46. hxg6+ Kxg6 47. Kf4 h5 48. Kf3 Kf5 0-1

[Event "CAN-op"]
[Site "Edmonton CAN"]
[Date "2000.07.09"]
[Round "3"]
[White "Bradbrooke, Wally"]
[Black "Kleist, Carol"]
[Result "0-1"]
[WhiteElo "1233"]
[BlackElo "1607"]
[PlyCount "26"]
[GameId "2160767911678055"]
[EventDate "2000.07.08"]
[EventType "swiss"]
[EventRounds "10"]
[EventCountry "CAN"]

1. e4 e6 2. Nf3 d5 3. e5 c5 4. d4 Nc6 5. Be3 Qb6 6. b3 Bd7 7. Nc3 cxd4 8. Bxd4 Nxd4 9. Nxd4 Bc5 10. Na4 Bxa4 11. bxa4 Bxd4 12. Rb1 Bxf2+ 13. Ke2 Qe3# 0-1

[Event "CAN-op"]
[Site "Edmonton CAN"]
[Date "2000.07.09"]
[Round "3"]
[White "Brodie, Hugh"]
[Black "Alipour, Iraj"]
[Result "0-1"]
[WhiteElo "1968"]
[BlackElo "1579"]
[PlyCount "190"]
[GameId "2160767911678056"]
[EventDate "2000.07.08"]
[EventType "swiss"]
[EventRounds "10"]
[EventCountry "CAN"]

1. e4 b6 2. d4 Bb7 3. Bd3 g6 4. f4 e6 5. Nf3 c5 6. c3 c4 7. Bxc4 Bxe4 8. Qe2 Bb7 9. O-O Bg7 10. Na3 a6 11. Nc2 Ne7 12. Ne3 O-O 13. Bd2 b5 14. Bd3 Nd5 15. Nxd5 Bxd5 16. Qf2 Nc6 17. Ne5 Ne7 18. Qh4 d6 19. Ng4 f5 20. Ne3 Bf6 21. Qh3 Bb7 22. Nc2 Qd7 23. Rfe1 Rae8 24. Re2 Kg7 25. Rae1 Ng8 26. Ne3 Bd8 27. Nc2 Nf6 28. Ne3 Bc7 29. Nd1 Bb6 30. Kf1 Re7 31. Ne3 Rfe8 32. Bc2 Bc7 33. Kg1 a5 34. Bc1 a4 35. Kh1 Ba6 36. Bd3 Ba5 37. Bd2 Bb7 38. Kg1 Be4 39. Nd1 Bb6 40. Nf2 Bd5 41. a3 Qc6 42. Qg3 Nh5 43. Qh3 Bc4 44. Kf1 Bxd3 45. Nxd3 Nf6 46. Nb4 Qc4 47. Qd3 Qxd3 48. Nxd3 Ne4 49. Nb4 Kf6 50. Be3 h5 51. d5 Bxe3 52. Rxe3 e5 53. g3 Nd2+ 54. Kg2 exf4 55. Rxe7 f3+ 56. Kf2 Rxe7 57. Rxe7 Kxe7 58. Nc6+ Kf6 59. Nd4 Nc4 60. Kxf3 Nxb2 61. h4 Nc4 62. Nxb5 Ke5 63. Ke2 Kxd5 64. Nc7+ Kc6 65. Ne6 Nxa3 66. Kd3 d5 67. Nf4 Nc4 68. Kc2 Ne5 69. Kb2 Nc4+ 70. Ka2 Kc5 71. Nd3+ Kb5 72. Nf4 Nd2 73. Nxd5 Ne4 74. Nf4 Nxc3+ 75. Ka3 Ne4 76. Nxg6 Nxg3 77. Nf4 Ka5 78. Ne6 Kb5 79. Nf4 Kc4 80. Kxa4 Kd4 81. Kb3 Ke4 82. Nh3 f4 83. Kc2 Ke3 84. Kd1 Nf5 85. Ke1 Nxh4 86. Kf1 f3 87. Ng5 Nf5 88. Nxf3 Kxf3 89. Kg1 Kg3 90. Kh1 h4 91. Kg1 h3 92. Kh1 Ne3 93. Kg1 Ng4 94. Kh1 Nf2+ 95. Kg1 h2+ 0-1

[Event "CAN-op"]
[Site "Edmonton CAN"]
[Date "2000.07.09"]
[Round "3"]
[White "Bubar, Rob"]
[Black "Li, Zhuoran"]
[Result "1/2-1/2"]
[WhiteElo "1666"]
[BlackElo "1473"]
[PlyCount "124"]
[GameId "2160767911678057"]
[EventDate "2000.07.08"]
[EventType "swiss"]
[EventRounds "10"]
[EventCountry "CAN"]

1. e4 e5 2. Nf3 Nc6 3. d4 exd4 4. c3 Nf6 5. e5 Ng4 6. cxd4 Bb4+ 7. Nc3 O-O 8. h3 Nh6 9. Bxh6 gxh6 10. Qc2 d6 11. Bd3 f5 12. O-O-O dxe5 13. dxe5 Qe7 14. Rhe1 Be6 15. Kb1 Rad8 16. Nh2 Nd4 17. Qd2 Nc6 18. Qxh6 Bxc3 19. bxc3 Bd5 20. f4 Kh8 21. g4 Qe6 22. Qxe6 Bxe6 23. gxf5 Bxf5 24. Bxf5 Rxd1+ 25. Rxd1 Rxf5 26. Nf3 Rxf4 27. Nd4 Ne7 28. Ne6 Rf3 29. Rd8+ Ng8 30. Ng5 Rf5 31. h4 h6 32. Ne4 Rxe5 33. Nf6 Re1+ 34. Kb2 Rg1 35. Kb3 Rg6 36. Nd5 Rd6 37. Rxd6 cxd6 38. Kb4 Kg7 39. Kb5 Nf6 40. Ne7 Ne4 41. c4 Nc3+ 42. Ka5 Kf6 43. Nc8 d5 44. cxd5 Nxd5 45. Nxa7 Kf5 46. Nb5 Kg4 47. Nd6 b6+ 48. Ka4 h5 49. a3 Kxh4 50. Kb5 Kg4 51. Kc6 h4 52. Ne4 Ne3 53. Kxb6 Nc4+ 54. Kc5 Nxa3 55. Kd4 Nc2+ 56. Kd3 Ne1+ 57. Ke2 Nf3 58. Kf1 Kf4 59. Nf2 Kg3 60. Nh1+ Kh2 61. Nf2 Kg3 62. Nh1+ Kh3 1/2-1/2